Central Library and Information Centre
Sibsagar Girls' College, Sivasagar : Assam

ELEMENTARY SOLID STATE PHYSICS (Record no. 17475)

MARC details
000 -LEADER
fixed length control field 00458cam a2200193ua 4500
008 - FIXED-LENGTH DATA ELEMENTS--GENERAL INFORMATION
fixed length control field 060101n1999 II |||gr||||Z||||||eng
020 ## - INTERNATIONAL STANDARD BOOK NUMBER
International Standard Book Number 978 81 775 8377-9
040 ## - CATALOGING SOURCE
Original cataloging agency MAIN
041 ## - LANGUAGE CODE
-- English
082 ## - DEWEY DECIMAL CLASSIFICATION NUMBER
Classification number 530.41 OMA
100 ## - MAIN ENTRY--PERSONAL NAME
Personal name OMAR, M.A.
245 ## - TITLE STATEMENT
Title ELEMENTARY SOLID STATE PHYSICS
250 ## - EDITION STATEMENT
Edition statement 1ST.
260 ## - PUBLICATION, DISTRIBUTION, ETC.
Place of publication, distribution, etc. DELHI:
Name of publisher, distributor, etc. DORLING KINDERSHY,
Date of publication, distribution, etc. 1999.
300 ## - PHYSICAL DESCRIPTION
Extent 669:
Dimensions 21CM.
942 ## - ADDED ENTRY ELEMENTS (KOHA)
Koha item type Books
653 ## - INDEX TERM--UNCONTROLLED
Uncontrolled term SOLID STATE PHYSICS
Holdings
Withdrawn status Lost status Damaged status Not for loan Collection code Home library Current library Shelving location Date acquired Full call number Barcode Date last seen Copy number Price effective from Koha item type Public note
        TBPHY Central Library and Information Centre Sibsagar Girls College Central Library and Information Centre Sibsagar Girls College PHYSICS BOOK RACK 13.08.2011 530.41 OMA 26723 27.02.2020 1 27.02.2020 Books V


Sibsagar Girl's College © 2020. All rights reserved.
Powered by Koha.
Maintained by Abhijit Borpuzari.